Normal view
MARC view
- Clifford, Nicholas J
Entry Personal Name
001 - CONTROL NUMBER
- control field: 2924
003 - CONTROL NUMBER IDENTIFIER
- control field: CBULib
005 - DATE AND TIME OF LATEST TRANSACTION
- control field: 20240521073112.0
008 - FIXED-LENGTH DATA ELEMENTS
- fixed length control field: 240521|| aca||aabn | a|a d
040 ## - CATALOGING SOURCE
- Original cataloging agency: CBULib
100 ## - HEADING--PERSONAL NAME
- Personal name: Clifford, Nicholas J